000 00688nam a2200229Ii 4500
003 JO-AjNU
008 230605s9999||||xx |||||||||||||| ||und||
017 _a2009/18741
020 _a977-379-106-5
040 _aJO-AjNU
_bara
_erda
_cJO-AjNU
041 _aara
050 1 4 _aJZ6045.A282.2010
100 3 _a أبو عامود ، محمد سعد ,
_eauthor
_931982
245 0 0 _aالتفاوض الدولى
250 _aط1
264 3 1 _aالاسكندرية : دار الفكر الجامعى ، 2010
300 _a252ص
336 _atext
_btxt
_2rdacontent
337 _aunmediated
_bn
_2rdamedia
338 _avolume
_bnc
_2rdacarrier
650 4 _aتفاوض دولي
_931983
999 _aA12855
_c16423
_d16423